Campos y ondas : aplicación a las comunicaciones electrónicas

Uloženo v:
Podrobná bibliografie
Hlavní autor: Ramo, Simón
Další autoři: Van Duzer, Theodore, Whinnery, John R.
Médium: Kniha
Jazyk:Spanish
Vydáno: Madrid : Eds. Pirámide, 1974.
Témata:
Tagy: Přidat tag
Žádné tagy, Buďte první, kdo vytvoří štítek k tomuto záznamu!

MARC

LEADER 00000nam a2200000Ia 4500
003 000471
005 20221231144014.0
008 140114s1974 sp a 000 ||spa d
040 |c cru CEDI 
082 |a 537.1 R175c 
100 |a Ramo, Simón  |9 19741 
245 |a Campos y ondas : aplicación a las comunicaciones electrónicas  
260 |a Madrid : Eds. Pirámide,   |c 1974. 
300 |a 767 páginas : ilustraciones ; 22 cm 
650 |x TEORIA ELECTROMAGNETICA   |x ONDAS ELECTRICAS   |x TELECOMUNICACIONES  |9 19744 
700 |9 19742  |a Van Duzer, Theodore 
700 |9 19743  |a Whinnery, John R. 
942 |2 ddc  |c BK 
999 |c 15503  |d 15503